Sociedad civil y normatividad: la teora̕ social de David Hume /

Bibliographic Details
Main Author: Gonzl̀ez, Ana Marta
Format: eBook
Language:Spanish
Published: Madrid: Dykinson, 2013
Subjects:
Online Access:Acceso restringido

MARC

LEADER 00000nam a22000007a 4500
005 20140710223110.0
007 cr|||| ||||
008 140710s2013 es |||||s|||| 00||0 spa d
020 |a 978-84-9031-827-0 
035 |a 12230 
040 |a vLex 
090 |c 5014  |d 5014 
100 1 |a Gonzl̀ez, Ana Marta 
245 1 0 |a Sociedad civil y normatividad:  |h [Recurso electrn̤ico] :  |b la teora̕ social de David Hume /  |c Ana Marta Gonzl̀ez 
256 |a Servicio en ln̕ea 
260 |a Madrid:  |b Dykinson,  |c 2013 
300 |a 1 recurso electrn̤ico 
500 |a Ms̀ all ̀del debate acerca de las causas de la presente crisis econm̤ica, muchos se preguntan si, verdaderamente, la sociedad civil puede regularse a s ̕misma. Para responder a esta cuestin̤, sin embargo, es preciso analizar la naturaleza de dicha regulacin̤. En esta tarea Hume constituye un punto de referencia inexcusable, pues en gran medida sus estudios sobre moral no persiguen otra cosa que mostrar la normatividad interna de un nuevo espacio de relaciones sociales, especf̕icamente diverso de las relaciones familiares y polt̕icas: el espacio de la sociedad civil. Segn︢ se desprende de los estudios recogidos en este volumen, la ciencia de la naturaleza humana, que Hume persegua̕ fundamentar en su Tratado, adopta la forma de una teora̕ de las instituciones, es decir, una teora̕ de la formacin̤ de espacios sociales diferenciados, cada uno con un props̤ito especf̕ico y definido mediante reglas igualmente especf̕icas, cuya identificacin̤ y preservacin̤ tiene importancia no solo a la hora de proponer una teora̕ de la civilizacin̤, sino, ms̀ fundamentalmente, a la hora de garantizar el sentido humano del desarrollo social. Ana Marta Gonzl̀ez es Profesora de Filosofa̕ Moral en la Universidad de Navarra. Fue Fulbright Scholar en el Departamento de Filosofa̕ de la Universidad de Harvard en el curso 2002-2003. Ha dirigido los proyectos ?Razn̤ prc̀tica y ciencias sociales en la Ilustracin̤ escocesa? (HUM2006-07605) y ?Filosofa̕ moral y ciencias sociales? (FFI2009-09265), y actualmente dirige el proyecto ?Accin̤, emociones e identidad? (FFI2012- 38737-C03-01). El presente volumen recoge parte de la investigacin̤ desarrollada en el marco de los dos primeros proyectos. Desde 2012 es la Coordinadora Cientf̕ica del Instituto Cultura y Sociedad, de la Universidad de Navarra. 
506 1 |a Disponible solo en los productos indicados  |d vLex Global  |d vLex Global (Academic Edition, excluding Law Schools)  |d vLex Global (U.S. Academic Edition, Law Schools)  |d vLex Global (U.S. Academic Edition, excluding Law Schools)  |d vLex Global (Academic Edition, Law Schools) 
650 0 4 |a Derecho Civil  |z Espaą 
740 0 |a vLex Libros (Servicio en ln̕ea) 
856 4 0 |u http://vlex.com/source/sociedad-civil-y-normatividad-la-teoria-social-de-david-hume-12230  |z Acceso restringido 
942 |c BOOK 
999 0 |a Civil Law